000 01171nam a2200229Ia 4500
001 L250-16485
003 IT-CnALBA
008 170116s9999||||xx |||||||||||||| ||und||
040 _aIT-CnALBA
_cIT-CnALBA
041 _aITALIANO
100 _aRAHNER KARL, SJ.
245 0 _aLA FEDE IN MEZZO AL MONDO.
250 _a1a ed.
260 _aCINISELLO BALSAMO (MI)
_bEDIZIONI PAOLINE
_c1963 [1° Ed.:1963 - Ed.Ling.Originale: 1961]
300 _a235 p. (prefazione: 7)
500 _aTRADUZIONE DAL TEDESCO DI P. ERNESTO BALDUCCI. CONSOLAZIONE DEL TEMPO. CREDO LA CHIESA. ESPERIENZA DI GRAZIA. CHIESA DEI SANTI. DIALOGO SERALE. SACERDOTE E POETA. CRISTIANO E INCREDULI. SCIENZA E CONFESSIONE. CONFRONTA DOCUMENTO 11238.
501 _aSocietà San Paolo EM - Piazza San Paolo, 14 - 12051 ALBA (CN) (non commercial uses only) ® Copyright 2017
520 _aTRADUZIONE DAL TEDESCO DI P. ERNESTO BALDUCCI. CONSOLAZIONE DEL TEMPO. CREDO LA CHIESA. ESPERIENZA DI GRAZIA. CHIESA DEI SANTI. DIALOGO SERALE. SACERDOTE E POETA. CRISTIANO E INCREDULI. SCIENZA E CONFESSIONE. CONFRONTA DOCUMENTO 11238.
650 _aTEOLOGIA PASTORALE
942 _cBK
957 _71
999 _a21232
_bNO
_g Copie: 1
_c275644
_d275644